ARRUPE JESUIT UNIVERSITY

CORONAVIRUS -STOP THE SPREAD - CLEAN,DISINFECT,COVER

Greater South Africa, (Record no. 124151)

MARC details
000 -LEADER
fixed length control field 00840cam a22002651 4500
001 - CONTROL NUMBER
control field 8794807
003 - CONTROL NUMBER IDENTIFIER
control field ARRUPE
005 - DATE AND TIME OF LATEST TRANSACTION
control field 20160210115224.0
008 - FIXED-LENGTH DATA ELEMENTS--GENERAL INFORMATION
fixed length control field 730521t19411940sa 000 0 eng
010 ## - LIBRARY OF CONGRESS CONTROL NUMBER
LC control number 43001906
035 ## - SYSTEM CONTROL NUMBER
System control number (OCoLC)626798
040 ## - CATALOGING SOURCE
Original cataloging agency DLC
Transcribing agency OSW
Modifying agency OCoLC
-- DLC
042 ## - AUTHENTICATION CODE
Authentication code premarc
050 10 - LIBRARY OF CONGRESS CALL NUMBER
Classification number DT767
Item number .S5 1941
300 ## - PHYSICAL DESCRIPTION
Dimensions 25 cm.
100 1# - MAIN ENTRY--PERSONAL NAME
Personal name Smuts, Jan Christiaan,
Dates associated with a name 1870-1950.
9 (RLIN) 22224
245 10 - TITLE STATEMENT
Title Greater South Africa,
Remainder of title plans for a better world;
Statement of responsibility, etc Jan Christiaan Smuts...
260 ## - PUBLICATION, DISTRIBUTION, ETC. (IMPRINT)
Place of publication, distribution, etc Johannesburg,
Name of publisher, distributor, etc The Truth legion,
Date of publication, distribution, etc 1940
300 ## - PHYSICAL DESCRIPTION
Extent xi, 191 p.
651 #0 - SUBJECT ADDED ENTRY--GEOGRAPHIC NAME
Geographic name South Africa
General subdivision History.
9 (RLIN) 22225
651 #0 - SUBJECT ADDED ENTRY--GEOGRAPHIC NAME
Geographic name South Africa
General subdivision Politics
9 (RLIN) 21493
700 1# - ADDED ENTRY--PERSONAL NAME
Personal name Dawson, E. B.,
Relator term ed.
9 (RLIN) 22226
700 1# - ADDED ENTRY--PERSONAL NAME
Personal name Robertson, T. C.,
Relator term joint ed.
9 (RLIN) 22227
906 ## - LOCAL DATA ELEMENT F, LDF (RLIN)
a 7
b cbc
c oclcrpl
d u
e ncip
f 19
g y-gencatlg
942 ## - ADDED ENTRY ELEMENTS (KOHA)
Source of classification or shelving scheme Library of Congress Classification
Koha item type SPC
Holdings
Withdrawn status Lost status Source of classification or shelving scheme Damaged status Not for loan Collection code Home library Current library Shelving location Date acquired Total Checkouts Full call number Barcode Date last seen Price effective from Koha item type
    Library of Congress Classification     SPECIAL Collection ARRUPE LIBRARY ARRUPE LIBRARY Reference 10/02/2016   DT767 .S5 1941 46500006225 10/02/2016 10/02/2016 SPC

 

Arrupe Library. PO Box MP320 Mt Pleasant, Harare, Zimbabwe
263 242 745411|librarian@aju.ac.zw